00714nam a2200241 a 4500001001300000003000900013005001700022008004100039020000800080082001600088100003300104245003200137260003600169300000900205500003500214505003400249650001400283700003300297902000800330942000700338952011200345999001500457nice12345678IN_TiNIC20260116011510.0050524s0000 dela grp 000 0 urd  ac300a297.33bNIZ aNizami, Shabbir Hasan Chisht aJinnat Ke Pur Asraar Halaat aDelhibAastana Book Depotc0000 a224p aincludes index and biblioraphy2 ascn book club study project.3 aOccultism1 aNizami, Shabbir Hasan Chisht bSRS cBK 001040708StackRoom-aHMIbHMId2008-03-14g3.00l0o297.33 NIZp03651r2008-03-14v3.00w2005-05-24yBK c2064d2064